<?xml version="1.0" encoding="UTF-8"?>
<collection xmlns="http://www.loc.gov/MARC21/slim">
 <record>
  <leader>01919cam a2200421   4500</leader>
  <controlfield tag="001">1611472989</controlfield>
  <controlfield tag="003">DE-627</controlfield>
  <controlfield tag="005">20230302180647.0</controlfield>
  <controlfield tag="007">tu</controlfield>
  <controlfield tag="008">930126s1984    xx |||||      00| ||fre c</controlfield>
  <datafield tag="020" ind1=" " ind2=" ">
   <subfield code="a">2719102148</subfield>
   <subfield code="9">2-7191-0214-8</subfield>
  </datafield>
  <datafield tag="035" ind1=" " ind2=" ">
   <subfield code="a">(DE-627)1611472989</subfield>
  </datafield>
  <datafield tag="035" ind1=" " ind2=" ">
   <subfield code="a">(DE-576)031593631</subfield>
  </datafield>
  <datafield tag="035" ind1=" " ind2=" ">
   <subfield code="a">(DE-599)BSZ031593631</subfield>
  </datafield>
  <datafield tag="035" ind1=" " ind2=" ">
   <subfield code="a">(OCoLC)25759078</subfield>
  </datafield>
  <datafield tag="035" ind1=" " ind2=" ">
   <subfield code="a">(OCoLC)174344025</subfield>
  </datafield>
  <datafield tag="035" ind1=" " ind2=" ">
   <subfield code="a">(OCoLC)25759078</subfield>
  </datafield>
  <datafield tag="040" ind1=" " ind2=" ">
   <subfield code="a">DE-627</subfield>
   <subfield code="b">ger</subfield>
   <subfield code="c">DE-627</subfield>
   <subfield code="e">rakwb</subfield>
  </datafield>
  <datafield tag="041" ind1=" " ind2=" ">
   <subfield code="a">fre</subfield>
  </datafield>
  <datafield tag="082" ind1="0" ind2=" ">
   <subfield code="a">748.5902</subfield>
  </datafield>
  <datafield tag="084" ind1=" " ind2=" ">
   <subfield code="a">9,10</subfield>
   <subfield code="2">ssgn</subfield>
  </datafield>
  <datafield tag="084" ind1=" " ind2=" ">
   <subfield code="a">LH 74090</subfield>
   <subfield code="2">rvk</subfield>
   <subfield code="0">(DE-625)rvk/94945:</subfield>
  </datafield>
  <datafield tag="100" ind1="1" ind2=" ">
   <subfield code="a">Grodecki, Louis</subfield>
   <subfield code="d">1910-1982</subfield>
   <subfield code="0">(DE-588)129986941</subfield>
   <subfield code="0">(DE-627)486231496</subfield>
   <subfield code="0">(DE-576)161205445</subfield>
   <subfield code="4">aut</subfield>
  </datafield>
  <datafield tag="245" ind1="1" ind2="3">
   <subfield code="a">Le vitrail gothique au XIIIe siècle</subfield>
   <subfield code="c">Louis Grodecki; Cathérine Brisac</subfield>
  </datafield>
  <datafield tag="264" ind1=" " ind2="1">
   <subfield code="a">Fribourg, Suisse</subfield>
   <subfield code="b">Office du Livre</subfield>
   <subfield code="c">1984</subfield>
  </datafield>
  <datafield tag="300" ind1=" " ind2=" ">
   <subfield code="a">279 S.</subfield>
   <subfield code="b">Ill.</subfield>
  </datafield>
  <datafield tag="336" ind1=" " ind2=" ">
   <subfield code="a">Text</subfield>
   <subfield code="b">txt</subfield>
   <subfield code="2">rdacontent</subfield>
  </datafield>
  <datafield tag="337" ind1=" " ind2=" ">
   <subfield code="a">ohne Hilfsmittel zu benutzen</subfield>
   <subfield code="b">n</subfield>
   <subfield code="2">rdamedia</subfield>
  </datafield>
  <datafield tag="338" ind1=" " ind2=" ">
   <subfield code="a">Band</subfield>
   <subfield code="b">nc</subfield>
   <subfield code="2">rdacarrier</subfield>
  </datafield>
  <datafield tag="700" ind1="1" ind2=" ">
   <subfield code="a">Brisac, Catherine</subfield>
   <subfield code="d">1935-1991</subfield>
   <subfield code="0">(DE-588)121028569</subfield>
   <subfield code="0">(DE-627)70517381X</subfield>
   <subfield code="0">(DE-576)213502704</subfield>
   <subfield code="4">aut</subfield>
  </datafield>
  <datafield tag="787" ind1="0" ind2="8">
   <subfield code="i">Rezension:</subfield>
   <subfield code="a">Beyer, Victor, 1920 - </subfield>
   <subfield code="t">Louis Grodecki, Le vitrail gothique au XIIIe siècle</subfield>
   <subfield code="d">Strasbourg : Société pour la Conservation des Monuments Historiques d'Alsace, 1987</subfield>
   <subfield code="h">S. 273-274</subfield>
   <subfield code="w">(DE-627)1527054055</subfield>
   <subfield code="w">(DE-576)457054050</subfield>
  </datafield>
  <datafield tag="787" ind1="0" ind2="8">
   <subfield code="i">Rezensiert in</subfield>
   <subfield code="a">Sauerländer, Willibald, 1924 - 2018</subfield>
   <subfield code="t">[Rezension von: Louis Grodecki, Catherine Brisac, Le vitrail gothique au Xllle siècle]</subfield>
   <subfield code="d">Nürnberg : Carl, 1986</subfield>
   <subfield code="w">(DE-627)169446749X</subfield>
  </datafield>
  <datafield tag="889" ind1=" " ind2=" ">
   <subfield code="w">(DE-627)433053496</subfield>
  </datafield>
  <datafield tag="935" ind1=" " ind2=" ">
   <subfield code="i">mdedup</subfield>
  </datafield>
  <datafield tag="936" ind1="r" ind2="v">
   <subfield code="a">LH 74090</subfield>
   <subfield code="b">gotisch</subfield>
   <subfield code="k">Allgemeines. Allgemeine Kunstgeschichte</subfield>
   <subfield code="k">Kunstgeschichte einzelner Gattungen der Kunst</subfield>
   <subfield code="k">Glasfenstermalerei</subfield>
   <subfield code="k">Epochen</subfield>
   <subfield code="k">gotisch</subfield>
   <subfield code="0">(DE-627)127111366X</subfield>
   <subfield code="0">(DE-625)rvk/94945:</subfield>
   <subfield code="0">(DE-576)20111366X</subfield>
  </datafield>
  <datafield tag="951" ind1=" " ind2=" ">
   <subfield code="a">BO</subfield>
  </datafield>
  <datafield tag="991" ind1=" " ind2=" ">
   <subfield code="a">Rezensiertes Werk</subfield>
  </datafield>
  <datafield tag="999" ind1=" " ind2=" ">
   <subfield code="a">KXP-PPN1611472989</subfield>
   <subfield code="e">4012408844</subfield>
  </datafield>
 </record>
</collection>
